00453nam a2200157Ia 4500003000900000008004100009020001800050040001600068080001500084100001600099245009200115260004200207300001500249650001100264650002000275IN-BaIIA211028s9999 xx 000 0 eng d a0-442-01849-5 cIIA Library a654.9bMAD aMadron,T. W 0aLow-cost E-mail with UUCPcT. W Madron  aNew YorkbVan Nostrand Reinholdc1995 axix, 411p. aE-Mail aElectronic mail